000 00379 a2200133 4500
001 92291
082 _aPR 2554
090 _c44246
_d44247
100 _aAhmed; Prof. Nayyar Aafaq and Rameez (Advisors)
245 _aModeling and Controller Design for an Inverted Pendulum System
_n78 "B" EC
260 _aIslamabad
_bNUST
_c2015
300 _a42p.
500 _aBE Project Reports
942 _aCAE NUST
_kPR 2554
999 _c327364
_d327364